Statistics for Hotline Miami 2 level soundtracks

Click here to take the quiz!

General Stats

  • This quiz has been taken 38 times
  • The average score is 14 of 27

Answer Stats

StageSong% Correct
20. ReleaseLe Perv
87%
12. Death WishRoller Mobster
78%
13. SubwayRun
78%
8. ExecutionSexualizer
74%
3. Hard NewsDivide
70%
4. Final CutDecade Dance
65%
1. Down UnderVoyager
65%
22. Blood MoneyAcid Spit
61%
Feature Film: ApocalypseFahkeet
61%
21. SeizureShe Swallowed Burning Coals
61%
24. Take OverFuture Club
57%
18. DemolitionNARC
57%
5. First TrialNew Wave Hookers
57%
2. HomicideTechnoir
52%
Bonus Level: The AbyssAbyss
48%
11. Dead AheadBloodline
48%
7. No MercyRemorse
48%
16. CasualtiesThe Way Home
48%
23. CaughtSlum Lord
43%
10. Into The PitWe're Sorry
43%
9. AmbushDelay
39%
6. Moving UpIn The Face Of Evil
39%
15. WithdrawalQuixotic
35%
17. First BloodRichard
35%
19. House CallThe Rumble
35%
Feature Film: Midnight AnimalDetection
26%
14. StrongholdHotline Theme
26%

Score Distribution

Percentile by Number Answered

Percent of People with Each Score

Your Score History

You have not taken this quiz